[Event "Bad Homburg"]
[Site "Bad Homburg"]
[Date "1998.07.23"]
[Round "6"]
[White "Kortschnoj, Viktor Lvovich"]
[Black "Torre, Eugenio"]
[Result "1-0"]
[WhiteElo "2625"]
[BlackElo "2560"]
[Annotator "Ribli,Z"]
[PlyCount "139"]
[EventDate "1998.07.17"]
[EventType "tourn"]
[EventRounds "9"]
[EventCountry "GER"]
[EventCategory "13"]
[SourceTitle "CBM 066"]
[Source "ChessBase"]
[SourceDate "1998.09.30"]
[SourceVersion "1"]
[SourceVersionDate "1998.09.30"]
[SourceQuality "1"]

1. c4 e5 2. Nc3 Bb4 {In dieser Nebenvariante möchte der Schwarze seinen Läufer
gegen den Springer tauschen. Verständlicherweise möchte Torre gegen den
routinierten Kortschnoj Hauptvarianten vermeiden. Ribli.} 3. Nd5 {Andere Züge
- 4.Nf3, 4.Qc2, 4.Qb3, 4.g3 - sind weniger überzeugend.} Ba5 (3... a5) (3...
Be7) 4. b4 {[%csl Ra5]} c6 5. bxa5 cxd5 6. cxd5 Qxa5 7. e4 {Weiß besitzt das
Läuferpaar und verfügt über Raumvorteil im Zentrum, aber Schwarz hat keine
besonderen Probleme.} d6 (7... Nf6 8. Bd3 $5 Na6 9. f3 d6 (9... Nc5 10. Bc2 d6
11. Ne2 (11. Bb2 $5) 11... Bd7 12. Kf2 O-O 13. d4 exd4 14. Nxd4 Rfc8 15. Be3
Ba4 16. Bxa4 Nxa4 17. Re1 Nc3 18. Qb3 {+/= Franco,Z-Estevez,G/Capablanca mem-B
1991}) 10. Bb2 $1 Nc5 11. Bc2 Bd7 12. a4 O-O (12... b5 $5) 13. Ne2 Rac8 (13...
b5 $5) 14. Bc3 Qa6 15. d4 exd4 16. Bxd4 Qa5+ 17. Kf2 Ne8 18. g4 $1 $14 Nc7 19.
g5 b5 20. Nf4 $1 $36 {1-0 Lautier,J-Kotronias,V/Chalkidiki 1992 (38)}) 8. Qb3
$5 $146 {Ein augezeichneter Spieler wie Kortschnoj kann die
Theorieverbesserung am Brett finden. Nach dem Textzug kann Weiß mit folgendem
Bc1-a3 den Bauern d6 angreifen.} (8. Ne2 Nd7 (8... f5 9. Nc3 Nf6 (9... fxe4 10.
Qh5+ $1 g6 11. Qh4 $14) 10. Bb5+ (10. Qb3 Nbd7 11. Ba3 Nc5 12. Qb5+ Qxb5 13.
Nxb5 Ke7 14. f4 b6 15. fxe5 dxe5 16. d6+ Kf7 17. Bxc5 bxc5 18. Bc4+ Kg6 19.
exf5+ Bxf5 20. O-O Rad8 {1/2-1/2 Gamundi,A-De la Villa Garcia,J/Mondariz op
1996 (31)}) 10... Bd7 11. Bxd7+ Nbxd7 12. exf5 Nb6 13. Rb1 $1 O-O 14. Rb5 Qa6
15. O-O (15. a4 Rac8 16. Qb3 $14) 15... Rac8 16. a4 Nfd7 17. Qb3 {Horvath,
G-Sherzer,A/Brno-B 1993/1-0 (67)}) 9. Nc3 Nc5 10. Bb5+ Bd7 11. Bxd7+ Nxd7 12.
Rb1 Nc5 13. O-O Nf6 14. d4 Ncd7 15. Nb5 O-O 16. Nxd6 Qxa2 17. Bb2 Ne8 18. Nf5
exd4 19. Bxd4 {Rechmann,P-Szypulski,A/BL2-W 1991/1-0 (49)}) 8... Nd7 9. Ba3 {
[%csl Rd6][%cal Ra3d6]} Ngf6 10. f3 (10. Bxd6 $6 Nxe4 {[%cal Ra5d2,Re4d6]} 11.
Bb4 Qb6 $15 {[%cal Rb6f2]}) 10... Nc5 11. Bb5+ Bd7 (11... Ke7 12. Bxc5 dxc5 13.
a4 $14 {[%csl Re7]}) 12. Bxc5 dxc5 (12... Bxb5 13. Bxd6 $16) 13. Bxd7+ Nxd7 14.
Qxb7 Rb8 15. Qc6 {[%csl Gc6,Re8]} Rb2 $44 {[%csl Ga5,Gb2,Re1][%cal Ra5d2]} 16.
Rd1 Kd8 $5 {Der schwarze König entfesselt sich auf der Diagonalen a4-e8.} (
16... Rxa2 17. Ne2 $13) 17. d6 Re8 {[%csl Rd6][%cal Ge8e6]} (17... Rxa2 18.
Qa8+ $18) 18. Nh3 {[%cal Gh3g5,Gg5f7]} h6 {So schränkt Schwarz den weißen
Springer in seiner Beweglichkeit ein.} 19. O-O {Schwarz muß vorsichtig sein.
Sein König steht in der Mitte, während Weiß (noch) einen Mehrbauern besitzt
und mit 20.Rb1 zu Angriff zu kommen droht.} Qb6 $8 20. Qa8+ (20. Qd5 Re6) (20.
Qxb6+ axb6 $15) 20... Qb8 21. Qxb8+ Rxb8 (21... Nxb8 22. Rb1 $14) 22. Rb1 Rxb1
23. Rxb1 Re6 {[%csl Rd6,Ge6] Weiß muß seinen Mehrbauern zurückgeben, wonach
die Stellung beiden Kontrahenten etwa gleiche Chancen bieten sollte.} 24. Kf2
Rxd6 $11 25. Ke2 Kc7 26. Nf2 {Endlich kommt der weiße Springer ins Spiel. In
dieser fast symmetrischen Stellung findet sich im schwarzen Lager eine kleine
strukturelle Schwäche, der isolierte Bauer auf c5.} Ra6 {[%csl Ga6][%cal Ra6a2]
} 27. Rb2 Rb6 28. Nd1 (28. Rxb6 axb6 $11) 28... Kc6 29. Kd3 {Weiß bereitet 30.
Kc2 vor, um seinem Springer das Manöver Nd1-e3-d5 oder Nd1-e3-f5 zu
ermöglichen.} Rxb2 $6 {Es wäre meines Erachtens besser, mit diesem Tausch zu
warten.} 30. Nxb2 Nb6 31. Kc3 Kb5 32. d3 f6 (32... Na4+ 33. Nxa4 (33. Kb3 Nxb2
34. Kxb2 c4) 33... Kxa4 34. Kc4 Ka3 35. Kxc5 Kxa2 36. f4 Kb3 $5 (36... exf4 37.
d4 g5 38. d5 g4 39. Kd4 $18) (36... f6 37. fxe5 fxe5 38. d4 exd4 39. Kxd4 a5
40. e5 a4 41. e6 a3 42. e7 $18) 37. fxe5 a5 38. d4 a4 39. d5 a3 40. e6 fxe6 41.
dxe6 a2 42. e7 a1=Q 43. e8=Q $14) 33. Kb3 $14 {[%csl Rc5]} a6 34. g3 $1 {
Weiß plant f3-f4 mit aktivem Spiel am Königsflügel.} Kc6 35. Nd1 (35. Nc4 Nxc4
36. Kxc4 Kd6 $11 {Wegen des isolierten Bauern c5 steht Weiß nur theoretisch
besser, denn er hat keine Möglichkeiten ins schwarze Lager einzudringen; der
schwarze König pendelt zwischen c6 und d6.}) 35... Nc8 36. Ne3 {[%csl Ge3]
[%cal Ge3f5,Ge3c4,Ge3d5] Der weiße Springer kontrolliert von seinem prächtigen
Feld e3 alle wichtigen Punkte.} Nd6 (36... Ne7 {[%cal Ge7d5,Ge7f5]} 37. Nc4 $14
{[%csl Gc4]}) 37. Ka4 {[%cal Ra4a5]} Kb6 38. f4 $1 {Weiß verfügt über einen
kleinen, aber dauerhaften Vorteil. Er hat die Wahl zwischen 39.f5 oder 39.fxe5.
} exf4 {Zwar wird jetzt die weiße Bauernmasse sehr gefährlich, verzichtet
Schwarz jedoch auf diesen Tausch, so entstünde nach weißem fxe5 ein unangenehm
schwacher zweiter isolierter Bauer auf e5.} 39. gxf4 Nb5 40. Nd5+ {[%csl Ga4,
Rc5,Gd5]} Kb7 41. Kb3 {[%csl Rc5][%cal Gb3c4] Der König strebt nach c4.} Nd4+
42. Kc4 {[%csl Gc4,Rc5,Gd5]} Kc6 (42... Ne6 $2 43. f5 $16) 43. Ne7+ Kd6 44. Ng6
{[%csl Gg6] Der Springer legt den schwarzen Königsflügel fest.} Nf3 {[%cal
Gf3h2]} 45. h3 h5 (45... Kc6 46. Ne7+ Kb6 (46... Kd6 47. Nf5+ $16 {[%cal Rf5g7,
Rf5d6]}) 47. Nf5 $16 {[%csl Gf5,Rg7,Rh6][%cal Rf5g7]}) 46. h4 $1 {Ein sehr
starker Zug. Weiß legt den Bauern auf h5 fest, um früher oder später mit der
Drohung f4-f5 nebst Ng6-f4xh5 aufzuwarten.} Nd2+ 47. Kc3 Nf3 {[%cal Gf3h4]
Schwarz kann nur abwarten.} 48. f5 {[%csl Rh5][%cal Gg6f4,Gf4h5,Gh5g7]} Kc6 49.
Nf4 Nxh4 50. Nxh5 {[%csl Rg7,Rh4,Gh5]} g6 51. fxg6 Nxg6 52. Nxf6 $16 {Weiß
besitzt einen Mehrbauern, aber wegen des reduzierten Materials ist die
Verwertung noch nicht so leicht.} Ne5 53. Nd5 Nf3 54. Ne3 {Der Springer macht
sich auf den Weg zum Damenflügel.} Nd4 55. Nc4 Kb5 56. Na3+ Kc6 57. Kd2 {
Weiß hat noch keinen konkreten Gewinnplan. Die Phase des Lavierens dauert noch
an.} Kd6 58. Nc4+ Kc6 59. Na5+ Kb5 60. Nb3 {[%csl Gd4][%cal Rb3d4]} Ne6 {
Natürlich darf Schwarz nicht die Springer tauschen.} 61. Kc3 Nd8 62. a4+ $1 {
Sehr präzise gespielt.} Kc6 (62... Kxa4 $6 63. Kc4 {[%csl Ra4,Gb3,Gc4,Rc5,Gd3,
Rd8,Ge4]} Ne6 (63... Nb7 64. Nxc5+ $18) 64. Nxc5+ $18) 63. Kc4 {[%csl Rc5]} Nb7
{[%cal Gb7d6]} (63... Ne6 64. d4 (64. e5 $22 $18) 64... cxd4 65. Nxd4+ Nxd4 66.
Kxd4 {[%csl Ge4]} Kd6 67. a5 $18 {[%csl Ga5,Ge4]}) 64. e5 {Weiß verhindert 64..
.Nd6 und kommt mit dem Freibauern voran.} a5 (64... Kb6 65. Kd5 $18) 65. d4
cxd4 66. Nxd4+ Kb6 67. Ne6 $18 {[%csl Rb7] Der schwarze Springer kann sich
nicht bewegen.} Kc6 68. Kd4 Kb6 (68... Kd7 69. Kd5 $18) 69. Kd5 {[%csl Rb7,Gd5,
Ge6]} Ka7 70. Nc5 {und Schwarz gab auf. Eine gute Endspielleistung Kortschnojs.
} (70. Nc5 Nd8 (70... Nxc5 71. Kxc5 $18) 71. e6 $18 {[%csl Ge6][%cal Re6e7,
Re7e8]}) 1-0

[Event "Bad Homburg"]
[Site "Bad Homburg"]
[Date "1998.07.25"]
[Round "8"]
[White "Kortschnoj, Viktor Lvovich"]
[Black "Zhu, Chen"]
[Result "1-0"]
[WhiteElo "2625"]
[BlackElo "2490"]
[Annotator "Lutz,C"]
[PlyCount "49"]
[EventDate "1998.07.17"]
[EventType "tourn"]
[EventRounds "9"]
[EventCountry "GER"]
[EventCategory "13"]
[SourceTitle "CBM 066"]
[Source "ChessBase"]
[SourceDate "1998.09.30"]
[SourceVersion "1"]
[SourceVersionDate "1998.09.30"]
[SourceQuality "1"]

1. d4 d5 2. c4 c6 3. Nf3 Nf6 4. Nc3 e6 5. e3 Nbd7 6. Bd3 Bd6 $6 (6... dxc4) 7.
O-O O-O 8. e4 dxe4 9. Nxe4 Nxe4 10. Bxe4 f5 (10... h6 {ist populärer, kann den
schwarzen Nachteil aber auch nicht vermeiden.}) 11. Bc2 e5 12. Bg5 Be7 13. Bxe7
Qxe7 14. Nxe5 Nxe5 15. Re1 Qb4 16. Rxe5 Qxb2 17. c5 {Öffnet die Diagonale
b3-g8 und verschließt der schwarzen Dame den Rückweg zum Königsflügel. In zwei
anderen Partien gewann Weiß ebenfalls schnell.} (17. Rb1 Qa3 18. c5 b6 19. Bb3+
Kh8 20. Qf3 bxc5 21. Qxc6 Rb8 22. dxc5 Bb7 23. Qd6 Rfd8 24. Qe7 Be4 25. Rf1 Qb2
26. Re6 Qc3 27. Qxa7 Qd4 28. h3 h6 29. Rd1 Qc3 30. Kh2 Kh7 31. Qf7 Rxd1 32.
Qg6+ {1-0 Schlosser,P-Jirovsky,M/Mitropa Cup 1991/CBM 26}) (17. Re7 Rf7 18.
Rxf7 Kxf7 19. Rb1 Qxa2 20. Bb3 Qa5 21. Qh5+ Kf6 22. Qe8 Qc7 23. Re1 Qd6 24. c5
Qxd4 25. h4 Qxh4 26. Qe7+ {1-0 Reeh,O-Stokstad,P/Gausdal Int 1993/TD 93\09})
17... Kh8 18. Re3 {Mit der Drohung Rb3.} Qb4 19. Qd3 b6 20. a3 Qa5 21. Re7 $18
{Schwarz ist machtlos gegen die Drohung Qg3 und Bb3.} bxc5 22. Qg3 Rg8 23. Bb3
Ba6 (23... Qd8 24. Qe5 $18) 24. Bxg8 Rxg8 25. Qe5 1-0

[Event "Bad Homburg"]
[Site "Bad Homburg"]
[Date "1998.07.26"]
[Round "9"]
[White "Hort, Vlastimil"]
[Black "Kortschnoj, Viktor Lvovich"]
[Result "0-1"]
[WhiteElo "2510"]
[BlackElo "2625"]
[PlyCount "46"]
[EventDate "1998.07.17"]
[EventType "tourn"]
[EventRounds "9"]
[EventCountry "GER"]
[EventCategory "13"]
[SourceTitle "CBM 066"]
[Source "ChessBase"]
[SourceDate "1998.09.30"]
[SourceVersion "1"]
[SourceVersionDate "1998.09.30"]
[SourceQuality "1"]

1. c4 e6 2. Nf3 d5 3. g3 dxc4 4. Qa4+ Bd7 5. Qxc4 c5 6. Nc3 Bc6 7. Bg2 Nd7 8.
O-O b5 9. Qf4 Ngf6 10. b3 Qb8 11. d4 Bd6 12. Qh4 cxd4 13. Nxd4 Bxg2 14. Kxg2
Qb7+ 15. Kg1 b4 16. Na4 Be5 17. Bb2 O-O 18. Qh3 Rfc8 19. Rfd1 Bxd4 20. Rxd4 Rc2
21. Rad1 Rxe2 22. Nc5 Nxc5 23. Rd8+ Ne8 0-1

[Event "Nagler Memorial"]
[Site "Zuerich"]
[Date "1998.08.12"]
[Round "6"]
[White "Kortschnoj, Viktor Lvovich"]
[Black "Moor, Roger"]
[Result "1-0"]
[WhiteElo "2625"]
[BlackElo "2330"]
[PlyCount "67"]
[EventDate "1998.08.??"]
[EventType "schev"]
[EventRounds "10"]
[EventCountry "SUI"]
[SourceTitle "EXT 1999"]
[Source "ChessBase"]
[SourceDate "1998.11.16"]
[SourceVersion "1"]
[SourceVersionDate "1998.11.16"]
[SourceQuality "1"]

1. c4 Nf6 2. Nc3 d5 3. cxd5 Nxd5 4. g3 g6 5. Bg2 Nxc3 6. bxc3 Bg7 7. Rb1 Nd7 8.
d4 O-O 9. Nf3 Nb6 10. Qc2 c5 11. dxc5 Nd5 12. Bd2 Qc7 13. Nd4 Nf6 14. O-O e5
15. Nb5 Qxc5 16. c4 a5 17. Be3 Qe7 18. Bc1 Bf5 19. e4 Be6 20. Ba3 Qd7 21. Bxf8
Bxf8 22. Nc3 Qc6 23. Nd5 Nd7 24. Qb3 b6 25. h4 Rc8 26. Rbc1 Bc5 27. Rfd1 Kg7
28. Kh2 Rb8 29. f4 f6 30. Qb5 Rc8 31. f5 Bf7 32. Bh3 Ba3 33. Qxc6 Rxc6 34. fxg6
1-0

[Event "Nagler Memorial"]
[Site "Zuerich"]
[Date "1998.08.13"]
[Round "7"]
[White "Jenni, Florian"]
[Black "Kortschnoj, Viktor Lvovich"]
[Result "0-1"]
[WhiteElo "2430"]
[BlackElo "2625"]
[PlyCount "82"]
[EventDate "1998.08.??"]
[EventType "schev"]
[EventRounds "10"]
[EventCountry "SUI"]
[SourceTitle "EXT 1999"]
[Source "ChessBase"]
[SourceDate "1998.11.16"]
[SourceVersion "1"]
[SourceVersionDate "1998.11.16"]
[SourceQuality "1"]

1. e4 c6 2. d4 d5 3. Nc3 dxe4 4. Nxe4 Bf5 5. Ng3 Bg6 6. h4 h6 7. Nf3 Nf6 8. h5
Bh7 9. Bd3 Bxd3 10. Qxd3 e6 11. Bd2 Nbd7 12. O-O-O Be7 13. Kb1 a5 14. Ne4 a4
15. Nxf6+ Nxf6 16. Ne5 a3 17. b3 O-O 18. g4 Nd7 19. Qe2 Nxe5 20. dxe5 Qb6 21.
Be3 Qa5 22. f4 Rad8 23. Qc4 Rd5 24. Rxd5 cxd5 25. Qd4 Rc8 26. Bd2 Qb5 27. Qd3
Qb6 28. g5 hxg5 29. fxg5 Qf2 30. h6 Qg2 31. Re1 Bxg5 32. Bxg5 Qxg5 33. hxg7 Qh4
34. Qd2 d4 35. Rf1 Rc3 36. Qg2 Re3 37. Qd2 Rxe5 38. Qc1 Re3 39. Qxa3 Re1+ 40.
Kb2 Kxg7 41. Rf3 Qg5 0-1

[Event "Cancan Veterans-Women"]
[Site "Roquebrune"]
[Date "1998.09.10"]
[Round "4"]
[White "Chiburdanidze, Maia"]
[Black "Kortschnoj, Viktor Lvovich"]
[Result "0-1"]
[WhiteElo "2525"]
[BlackElo "2625"]
[Annotator "Golod,V"]
[PlyCount "74"]
[EventDate "1998.09.07"]
[EventType "schev"]
[EventRounds "12"]
[EventCountry "FRA"]
[SourceTitle "CBM 067"]
[Source "ChessBase"]
[SourceDate "1998.11.30"]
[SourceVersion "2"]
[SourceVersionDate "1998.11.01"]
[SourceQuality "1"]

{[%mdl 13380]} 1. d4 Nf6 2. c4 e6 3. Nc3 Bb4 4. Qc2 O-O 5. e4 $5 c5 $5 ({
Other lines are:} 5... d6 $5 {See comments to Short,N-Karpov,A/Dortmund,1997
(cbm60),(Tsesarsky),1-0 (44)}) (5... d5 $5 6. e5 Ne4 7. Bd3 c5 8. cxd5 exd5 9.
Nge2 cxd4 10. Nxd4 Nd7 11. f4 Qh4+ 12. g3 Qh3 13. Bf1 Qh5 14. Bg2 Nb6 15. O-O
Bxc3 16. bxc3 Bh3 17. f5 $14 {1-0 Kramnik,V-Adams,M/Koeln GER 1998 (43)}) (5...
Nc6 $6 6. Nf3 d6 7. Be3 Bxc3+ 8. bxc3 e5 9. d5 Nb8 10. c5 Ng4 11. Bg5 f6 12.
Bd2 $14 {1-0 Estrada,W-Recalde,E/Asuncion 1960/MCL 07 (43)}) 6. a3 $6 ({
White has several options:} 6. dxc5 $6) (6. d5 $6) (6. e5 $5 {(is the main
line)}) (6. Nf3) (6. Be3 $6) 6... Qa5 $1 ({Dubious:} 6... Bxc3+ 7. bxc3 d6 8.
Bd3 $5 (8. f4 $143 e5 9. fxe5 dxe5 10. d5 b6 11. Bg5 Nbd7 12. Nf3 h6 13. Bh4
Qc7 14. Bd3 g5 15. Bg3 Nh5 16. Bf2 Nf4 17. g3 Ng6 18. O-O Nf6 {1/2-1/2
Menyhart,T-Tengely,S/Debrecen 1995/EXT 95ch (18)}) 8... e5 9. d5 Qa5 10. Ne2 a6
11. Rb1 $14 {1/2-1/2 Lagunow,A-Breyther,R/BL2-N 1994/BL2 (37)}) 7. e5 $2 $146 {
(this move is bad because of 7...cxd4)} (7. dxc5 $2 Bxc3+ 8. bxc3 Nxe4 9. Qxe4
$2 (9. Bd3 $15) 9... Qxc3+ 10. Kd1 Qxa1 $19 {1-0 Clarke,T-Nicholson,J/IRL-ch
1994/EXT 97 (34)}) (7. Nf3 $2 Bxc3+ 8. bxc3 Nxe4 9. Bb2 $6 (9. Bd3 f5 $15) 9...
f5 10. Bd3 cxd4 11. Nxd4 Nc5 $17 {1/2-1/2 Haffner,E-Kaster,M/Kettig 1994/GER
09 (45)}) ({Can be recommended:} 7. axb4 $5 Qxa1 8. bxc5 Nc6 9. Nf3 b6 10. e5
$44 {1-0 Menyhart,T-Egri,L/Debrecen 1995/EXT 95op (33)}) 7... cxd4 $17 8. exf6
(8. axb4 Qxa1 9. exf6 dxc3 {See the game after: 9...Qxa1}) 8... dxc3 9. axb4 (
9. b3 $5 gxf6 10. Ra2 Be7 11. Bd3 f5 12. Bh6 Rd8 $17) 9... Qxa1 10. bxc3 ({
Possibly:} 10. fxg7 Kxg7 (10... Re8 $143 11. bxc3 $15) 11. Qxc3+ f6 $17) (10.
Bd3 $2 cxb2 11. Qxb2 (11. Bxh7+ $2 Kh8 12. fxg7+ Kxg7 $19) 11... Qxb2 12. Bxb2
g6 {-/+/-+}) 10... e5 $6 (10... gxf6 $5 11. Bd3 f5 12. Nf3 a5 $1 $17 {[%csl
Ga8]}) 11. Nf3 $6 ({Better:} 11. Bd3 g6 (11... e4 $6 12. Bxe4 Re8 13. Ne2 g6
$15) 12. Nf3 Qa6 $5 {-/+/=/+}) 11... d5 $5 {[%csl Rc1][%cal Gc8f5]} 12. cxd5 $6
(12. fxg7 $5 Rd8 $1 (12... Re8 $6 13. cxd5 Bf5 14. Qd2 Nd7 15. Nh4 $1 $13) (
12... Kxg7 $2 13. cxd5 Bf5 14. Qd2 $36) 13. cxd5 Bf5 14. Qd2 Rxd5 $1 15. Qxd5
Qxc1+ 16. Qd1 (16. Ke2 Nc6 $36 {[%cal Ga8d8]}) 16... Qxc3+ 17. Qd2 Qa1+ 18. Qd1
Qxd1+ 19. Kxd1 f6 $17) 12... Bf5 13. Qd2 (13. Qb2 $143 Qxb2 14. Bxb2 gxf6 $17)
13... Rc8 $1 {[%csl Rc3]} 14. c4 Nd7 $17 {[%csl Rc4,Rd5,Rf6][%cal Gd7f6,Gb6c4,
Gb6d5,Yd7b6]} 15. Be2 (15. fxg7 $2 Nb6 16. c5 (16. Qb2 Qxb2 17. Bxb2 Nxc4 18.
Bxc4 Rxc4 $19) 16... Nxd5 $1 $19) 15... Nxf6 16. O-O {/\Bb2} Ne4 17. Qe3 Qc3
18. Bd3 Bg6 $5 {/\Nd6} ({Good enough:} 18... Nd6 $5 19. Bxf5 Qxe3 20. fxe3 $142
Nxf5 21. e4 (21. Nxe5 $6 f6 $1 22. Rxf5 (22. Nd3 Rxc4 $1 23. Rxf5 Rc3 $19)
22... fxe5 $17) 21... Nd4 $5 $17 (21... Nd6 22. c5 Nxe4 23. Nxe5 a5 $17)) 19.
Nh4 $5 {[%csl Rg6]} Nd6 20. Nxg6 hxg6 21. c5 Nf5 22. Bxf5 (22. Qd2 $143 Qxd2
23. Bxd2 a5 $17) 22... Qxe3 23. Bxc8 $6 (23. fxe3 gxf5 24. Rxf5 a5 25. Ba3 axb4
26. Bxb4 Ra4 $19) (23. Bxe3 $5 gxf5 24. f4 e4 $17) 23... Qb3 {[%csl Rb4,Rd5]}
24. Bxb7 Rb8 25. c6 (25. Bc6 $143 Qxb4 26. Be3 f5 27. f3 Kf7 $19) 25... Qxd5
26. Be3 {[%csl Ra7]} (26. c7 $143 Qxb7 27. cxb8=Q+ Qxb8 28. Bd2 $19 {_|_})
26... a6 27. Bxa6 $6 ({Slightly better:} 27. Bc5 $5) (27. h3 $5) 27... Qxc6 28.
b5 Qc4 {[%csl Ra6,Gc4]} 29. Rc1 Qe2 {[%csl Ra6,Ge2]} 30. h3 f5 $1 $19 {Black
has strong pawn chain in the king side} 31. Ra1 {[%cal Gb5b6]} (31. Kh2 f4 32.
Ba7 Rd8 $19) 31... Ra8 32. Bb6 Qb2 33. Ra4 f4 34. f3 g5 $1 {(/\g4;עg1)} 35.
Kh2 g4 $1 36. hxg4 (36. fxg4 f3) 36... Kf7 {[%cal Ga8h8]} 37. Re4 Qa1 $1 {
[%csl Yg1,Yh1,Rh2][%cal Ga8h8,Ga1h1]} 0-1

[Event "Cancan Veterans-Women"]
[Site "Roquebrune"]
[Date "1998.09.11"]
[Round "5"]
[White "Kortschnoj, Viktor Lvovich"]
[Black "Cramling, Pia"]
[Result "1-0"]
[WhiteElo "2625"]
[BlackElo "2505"]
[Annotator "Hecht,H"]
[PlyCount "111"]
[EventDate "1998.09.07"]
[EventType "schev"]
[EventRounds "12"]
[EventCountry "FRA"]
[SourceTitle "CBM 067"]
[Source "ChessBase"]
[SourceDate "1998.11.30"]
[SourceVersion "2"]
[SourceVersionDate "1998.11.01"]
[SourceQuality "1"]

1. d4 Nf6 2. c4 c5 3. d5 b5 4. Nf3 g6 5. cxb5 a6 6. Qc2 axb5 7. e4 Ba6 8. Qxc5
Nxe4 9. Qd4 Nf6 10. Nc3 Bg7 11. Bd2 O-O 12. Bxb5 Bxb5 13. Nxb5 Ne8 14. Qc4 Bxb2
15. Rb1 Bg7 16. O-O Na6 17. Rfc1 Nf6 18. d6 exd6 19. Nxd6 Qe7 20. Rb6 Qe6 21.
Qf1 Nb8 22. Nc4 Nc6 23. a3 Ne4 24. Be3 Rfb8 25. a4 d5 26. Rxb8+ Rxb8 27. Ncd2
Nc3 28. Kh1 Ra8 29. Nb3 Nxa4 30. Qb5 Nc3 31. Qc5 Rb8 32. Rxc3 Bxc3 33. Qxc3 d4
34. Nbxd4 Nxd4 35. Qxd4 Rb1+ 36. Ng1 f6 37. h3 h5 $2 38. Qd3 {[%cal Rd3b1,
Rd3g6]} Qf5 $8 39. Qxf5 gxf5 {[#] Gegen die fixierten schwachen schwarzen
Bauern arbeiten die Leichtfiguren ideal zusammen. Man beachte die
Hilfestellung durch den weißen König, der den weißen Figuren Stützpunkte
sichert.} 40. h4 $1 {ffixiert den Bh5, der vom Sf4 wirkungsvoll angegriffen
werden kann. (Teil A)} Kf7 41. Kh2 Rb2 42. Nh3 Rb8 43. Nf4 Rh8 44. g3 Kg7 45.
Kg2 Kf7 46. Kf3 {Bringt den König ins Zentrum, um die konzertierte Aktion
gegen den Bf6 zu unterstützen (Teil B)} Rh7 47. Bd4 Rh8 48. Ke3 Re8+ 49. Kd3
Rh8 50. Nd5 Rd8 51. Nxf6 Kg6 (51... Rxd4+ 52. Kxd4 Kxf6 53. f4 Ke6 54. Kc5 $18)
52. Kc4 Rc8+ 53. Kd5 Rc1 54. Ke5 Re1+ 55. Be3 Ra1 56. Nd5 (56. Nd5 Ra5 57. Ke6
Ra6+ 58. Ke7 Kh7 59. Nf4 Kh6 (59... Rh6 60. Ne6 Rg6 61. Nf8+) 60. Kf7 $18 {
[%cal Rf4e6,Re6f8,Re3d4]}) 1-0